000 01548nam0a2200349 4500
001 RU\NLR\bibl\1503914
005 20250616021044.0
010 _a978-5-699-40251-9
_95000
021 _aRU
_b2010-17478
_9141д/2010
035 _a(nilc)RSL-KNO-004625441
035 _a(NLR Aleph) 001495351
090 _a1783465
_c1783465
100 _a20100312d2010 |||y0rusy50 ca
101 0 _arus
102 _aRU
105 _ay |||||||||
200 1 _aЛовчие удачи
_e[фантастический роман]
_fВячеслав Седов
210 _aМосква
_cЭксмо
_d2010
215 _a413, [1] с.
_d21
225 1 _aБоевая магия
610 0 _aФилологические науки. Художественная литература -- Российская Федерация -- Русская литература -- с сер. 50-х гг. 20 в. -- Произведения художественной литературы -- Художественная проза -- Романы. Повести. Рассказы -- Фантастические и мистические романы, повести, рассказы. Романы ужасов
686 _aШ5(2=Р)75-644.5
_2rubbk
686 _aШ6(2=Р)8-445
700 1 _aСедов
_bВ. С.
_gВячеслав Сергеевич
_4070
801 0 _aRU
_bРГБ
_c20100312
_grcr
801 1 _aRU
_bРГБ
_c20100312
801 2 _aRU
_bNLR
_c20100423
_grcr
830 _aпо кн
942 _cBOOK
980 _aNB